[Event "Stuttgart-chA int"]
[Site "Gerlingen"]
[Date "2011.06.03"]
[Round "3"]
[White "Boyard, Marie"]
[Black "Reder, Erik"]
[Result "1-0"]
[WhiteElo "1989"]
[BlackElo "1920"]
[PlyCount "103"]
[EventDate "2011.06.02"]
[EventType "swiss"]
[EventRounds "7"]
[EventCountry "GER"]
[SourceTitle "EXT 2018"]
[Source "ChessBase"]
[SourceDate "2017.10.13"]
[SourceVersion "1"]
[SourceVersionDate "2017.10.13"]
[SourceQuality "1"]

1. e4 c5 2. Nf3 Nc6 3. Bb5 a6 4. Bxc6 bxc6 5. 0-0 d6 6. h3 e5 7. Re1 Nf6 8. c3 Bb7 9. d4 cxd4 10. cxd4 Qc7 11. Nc3 Be7 12. dxe5 dxe5 13. Qb3 0-0 14. Nxe5 Rab8 15. Nd3 Rbd8 16. Bf4 Qc8 17. Ne5 Nd7 18. Rad1 Nxe5 19. Bxe5 Qa8 20. Na4 Bc8 21. Nb6 Qb7 22. Nxc8 Qxc8 23. Qc3 f6 24. Qc4+ Kh8 25. Bc3 Qb7 26. a3 Qb5 27. Qe6 Bc5 28. Rxd8 Rxd8 29. Bxf6 Bxf2+ 30. Kxf2 Rf8 31. Kg1 Qc5+ 32. Kh1 Rxf6 33. Qc8+ Rf8 34. Qxa6 h6 35. e5 Rf2 36. Qc8+ Kh7 37. Qg4 Rxb2 38. Qf5+ Kg8 39. Qe6+ Kh7 40. Qf5+ Kg8 41. Rd1 Rb8 42. Qe6+ Kh7 43. Qd6 Qxd6 44. exd6 Rd8 45. d7 Kg6 46. Kg1 Kf5 47. Kf2 Ke5 48. a4 Ke6 49. Ke3 c5 50. a5 c4 51. a6 c3 52. Rd3 1-0

[Event "Stuttgart-chA int"]
[Site "Ditzingen"]
[Date "2008.05.01"]
[Round "2"]
[White "Probst, Alexander"]
[Black "Reder, Erik"]
[Result "1/2-1/2"]
[WhiteElo "2129"]
[BlackElo "1882"]
[PlyCount "61"]
[EventDate "2008.05.01"]
[EventType "swiss"]
[EventRounds "7"]
[EventCountry "GER"]
[SourceTitle "EXT 2018"]
[Source "ChessBase"]
[SourceDate "2017.10.13"]
[SourceVersion "1"]
[SourceVersionDate "2017.10.13"]
[SourceQuality "1"]

1. e4 e6 2. d4 d5 3. Nd2 Nf6 4. e5 Nfd7 5. Bd3 c5 6. c3 Nc6 7. Ne2 Be7 8. 0-0 0-0 9. f4 f6 10. Nf3 fxe5 11. fxe5 cxd4 12. cxd4 Nb6 13. Bb1 Bd7 14. Qd3 g6 15. a3 a6 16. Bh6 Rf7 17. Nf4 Bf8 18. Ng5 Rxf4 19. Rxf4 Bxh6 20. Nxh7 Ne7 21. Nf6+ Kg7 22. Nh5+ Kh8 23. Rg4 Bb5 24. Qf3 Qf8 25. Nf6 Kg7 26. Qg3 Qf7 27. h4 Be2 28. Nh5+ Kh7 29. Nf6+ Kg7 30. Nh5+ Kh7 31. Nf6+ 1/2-1/2

[Event "Stuttgart-chA int"]
[Site "Ditzingen"]
[Date "2008.05.01"]
[Round "3"]
[White "Reder, Erik"]
[Black "Bogenschuetze, Paul Jr"]
[Result "0-1"]
[WhiteElo "1882"]
[BlackElo "2102"]
[PlyCount "68"]
[EventDate "2008.05.01"]
[EventType "swiss"]
[EventRounds "7"]
[EventCountry "GER"]
[SourceTitle "EXT 2018"]
[Source "ChessBase"]
[SourceDate "2017.10.13"]
[SourceVersion "1"]
[SourceVersionDate "2017.10.13"]
[SourceQuality "1"]

1. c4 e5 2. g3 Nf6 3. Bg2 Nc6 4. Nc3 Bc5 5. e4 0-0 6. Nge2 Nb4 7. d3 Ng4 8. 0-0 Qf6 9. a3 Nxf2 10. Rxf2 Qxf2+ 11. Kh1 Nxd3 12. Bg5 Qf6 13. Qxd3 Qxg5 14. Rd1 d6 15. b4 Bb6 16. Nc1 Bg4 17. Rf1 Qe3 18. h3 Qxd3 19. Nxd3 Bd4 20. hxg4 Bxc3 21. Bf3 Bd4 22. Bd1 c6 23. Bb3 a5 24. b5 cxb5 25. cxb5 Rac8 26. Bd5 Rc3 27. Ne1 b6 28. a4 Ra3 29. Nc2 Rxg3 30. Nxd4 exd4 31. Rd1 Re8 32. Rxd4 Rxg4 33. Rc4 h6 34. Rc6 Re5 0-1